Statistics for Name every Champions League winner

Click here to take the quiz!

General Stats

  • This quiz has been taken 22 times
  • The average score is 16 of 22

Answer Stats

HintAnswer% Correct
6Liverpool
100%
14Real Madrid
100%
7Ac Milan
95%
5Barcelona
95%
6Bayern
95%
3Inter
95%
3Manchester United
95%
1Manchester City
90%
4Ajax
85%
2Chelsea
80%
2Juventus
80%
2Benfica
75%
1Dortmund
75%
1Hamburg
75%
2Nottingham Forest
70%
1Celtic
65%
1Marseille
60%
1Aston Villa
55%
1Feyenoord
50%
1Red Star Belgrade
50%
1PSV
45%
1FCSB
15%

Score Distribution

Percentile by Number Answered

Percent of People with Each Score

Your Score History

You have not taken this quiz